[Event "DVM U16w 2023"]
[Site "Magdeburg GER"]
[Date "2023.12.27"]
[Round "1"]
[White "Fock, Madiha"]
[Black "Boronina, Kseniia"]
[Result "1/2-1/2"]
[Termination "normal"]
[Board "5.2"]
[WhiteElo "1697"]
[BlackElo "1300"]
[WhiteClock "00:10:46"]
[BlackClock "00:07:06"]
[WhiteTeam "TSG Oberschöneweide"]
[BlackTeam "SF Roding"]
[PlyCount "55"]
[WhiteFideId "16253574"]
[BlackFideId "34308768"]
[EventCountry "GER"]
[EventRounds "7"]
[EventType "team-swiss"]
[EventDate "2023.12.26"]

1. e4 {[%clk 01:30:57]} {[%emt 00:00:02]} e5 {[%clk 01:30:56]} {[%emt
00:00:05]} 2. Nf3 {[%clk 01:31:22]} {[%emt 00:00:05]} Nc6 {[%clk 01:31:20]}
{[%emt 00:00:06]} 3. Nc3 {[%clk 01:31:43]} {[%emt 00:00:09]} Nf6 {[%clk
01:31:35]} {[%emt 00:00:15]} 4. d4 {[%clk 01:32:05]} {[%emt 00:00:08]} exd4
{[%clk 01:30:18]} {[%emt 00:01:47]} 5. Nxd4 {[%clk 01:32:29]} {[%emt 00:00:06]}
Be7 {[%clk 01:28:36]} {[%emt 00:02:13]} 6. Bf4 {[%clk 01:22:03]} {[%emt
00:10:55]} Nxd4 {[%clk 01:24:05]} {[%emt 00:05:02]} 7. Qxd4 {[%clk 01:22:21]}
{[%emt 00:00:12]} d6 {[%clk 01:21:04]} {[%emt 00:03:31]} 8. Be2 {[%clk
01:19:25]} {[%emt 00:03:26]} O-O {[%clk 01:17:44]} {[%emt 00:03:51]} 9. h3
{[%clk 01:14:22]} {[%emt 00:05:33]} Be6 {[%clk 00:55:36]} {[%emt 00:22:38]} 10.
O-O-O {[%clk 01:07:10]} {[%emt 00:07:41]} Nd7 {[%clk 00:52:31]} {[%emt
00:03:36]} 11. Kb1 {[%clk 01:03:13]} {[%emt 00:04:26]} Bg5 {[%clk 00:51:30]}
{[%emt 00:01:31]} 12. Bxg5 {[%clk 01:01:29]} {[%emt 00:02:14]} Qxg5 {[%clk
00:51:49]} {[%emt 00:00:11]} 13. g4 {[%clk 01:00:37]} {[%emt 00:01:23]} Qc5
{[%clk 00:50:28]} {[%emt 00:01:52]} 14. f4 {[%clk 00:56:08]} {[%emt 00:04:58]}
Qxd4 {[%clk 00:50:25]} {[%emt 00:00:33]} 15. Rxd4 {[%clk 00:56:31]} {[%emt
00:00:07]} Nb8 {[%clk 00:35:42]} {[%emt 00:15:14]} 16. f5 {[%clk 00:43:16]}
{[%emt 00:13:44]} Bd7 {[%clk 00:35:32]} {[%emt 00:00:39]} 17. Nd5 {[%clk
00:43:00]} {[%emt 00:00:48]} Nc6 {[%clk 00:33:53]} {[%emt 00:02:08]} 18. Rd2
{[%clk 00:42:18]} {[%emt 00:01:10]} Rac8 {[%clk 00:33:21]} {[%emt 00:01:02]}
19. Bb5 {[%clk 00:39:58]} {[%emt 00:02:49]} Rfe8 {[%clk 00:33:04]} {[%emt
00:00:48]} 20. f6 {[%clk 00:28:49]} {[%emt 00:11:40]} Kf8 {[%clk 00:33:23]}
{[%emt 00:00:11]} 21. Rf1 {[%clk 00:26:13]} {[%emt 00:03:05]} g5 {[%clk
00:29:10]} {[%emt 00:04:43]} 22. Ne7 {[%clk 00:23:32]} {[%emt 00:03:11]} Rcd8
{[%clk 00:28:42]} {[%emt 00:00:59]} 23. Bxc6 {[%clk 00:20:44]} {[%emt
00:03:17]} Bxc6 {[%clk 00:28:06]} {[%emt 00:01:06]} 24. Re1 {[%clk 00:17:27]}
{[%emt 00:03:46]} d5 {[%clk 00:25:30]} {[%emt 00:03:07]} 25. e5 {[%clk
00:16:10]} {[%emt 00:01:46]} Rd7 {[%clk 00:23:43]} {[%emt 00:02:17]} 26. Nf5
{[%clk 00:14:46]} {[%emt 00:01:55]} Red8 {[%clk 00:17:24]} {[%emt 00:06:49]}
27. h4 {[%clk 00:13:05]} {[%emt 00:02:11]} gxh4 {[%clk 00:07:06]} {[%emt
00:10:49]} 28. Rh1 {[%clk 00:10:46]} {[%emt 00:02:48]} *

[Event "DVM U16w 2023"]
[Site "Magdeburg GER"]
[Date "2023.12.27"]
[Round "1"]
[White "Schwarzfischer, Ramona"]
[Black "Yamshchikova, Alisa"]
[Result "0-1"]
[Termination "normal"]
[Board "5.3"]
[WhiteElo "988"]
[BlackElo "1323"]
[WhiteClock "00:54:26"]
[BlackClock "00:55:28"]
[WhiteTeam "SF Roding"]
[BlackTeam "TSG Oberschöneweide"]
[PlyCount "108"]
[WhiteFideId "16268113"]
[BlackFideId "34135790"]
[EventCountry "GER"]
[EventRounds "7"]
[EventType "team-swiss"]
[EventDate "2023.12.26"]

1. d4 {[%clk 01:30:59]} d5 {[%clk 01:30:52]} {[%emt 00:00:08]} 2. Nf3 {[%clk
01:31:20]} {[%emt 00:00:09]} Nf6 {[%clk 01:31:09]} {[%emt 00:00:14]} 3. Bf4
{[%clk 01:31:34]} {[%emt 00:00:15]} e6 {[%clk 01:31:30]} {[%emt 00:00:09]} 4.
e3 {[%clk 01:31:44]} {[%emt 00:00:21]} c5 {[%clk 01:31:42]} {[%emt 00:00:17]}
5. Bb5+ {[%clk 01:29:25]} {[%emt 00:02:48]} Nbd7 {[%clk 01:30:53]} {[%emt
00:01:19]} 6. c3 {[%clk 01:27:23]} {[%emt 00:02:34]} a6 {[%clk 01:31:04]}
{[%emt 00:00:17]} 7. Bxd7+ {[%clk 01:26:09]} {[%emt 00:01:45]} Bxd7 {[%clk
01:31:19]} {[%emt 00:00:14]} 8. O-O {[%clk 01:25:03]} {[%emt 00:01:37]} Be7
{[%clk 01:31:21]} {[%emt 00:00:28]} 9. Nbd2 {[%clk 01:23:57]} {[%emt 00:01:36]}
O-O {[%clk 01:30:53]} {[%emt 00:00:58]} 10. c4 {[%clk 01:23:18]} {[%emt
00:01:09]} Rc8 {[%clk 01:27:23]} {[%emt 00:03:59]} 11. Rc1 {[%clk 01:21:19]}
{[%emt 00:02:30]} h6 {[%clk 01:22:43]} {[%emt 00:05:11]} 12. cxd5 {[%clk
01:18:22]} {[%emt 00:03:28]} Nxd5 {[%clk 01:23:00]} {[%emt 00:00:12]} 13. Bg3
{[%clk 01:17:30]} {[%emt 00:01:22]} Bb5 {[%clk 01:15:37]} {[%emt 00:07:53]} 14.
Re1 {[%clk 01:16:36]} {[%emt 00:01:25]} Nb4 {[%clk 01:15:17]} {[%emt 00:00:48]}
15. Ra1 {[%clk 01:11:34]} {[%emt 00:05:28]} Nd3 {[%clk 01:15:27]} {[%emt
00:00:25]} 16. Qb1 {[%clk 01:08:15]} {[%emt 00:03:40]} Nxe1 {[%clk 01:15:41]}
{[%emt 00:00:25]} 17. Qxe1 {[%clk 01:08:35]} {[%emt 00:00:10]} Bf6 {[%clk
01:15:35]} {[%emt 00:00:37]} 18. Nb3 {[%clk 01:07:43]} {[%emt 00:01:22]} cxd4
{[%clk 01:14:26]} {[%emt 00:01:39]} 19. Nbxd4 {[%clk 01:07:45]} {[%emt
00:00:26]} Qb6 {[%clk 01:14:09]} {[%emt 00:00:46]} 20. Rb1 {[%clk 01:06:52]}
{[%emt 00:01:23]} Bd3 {[%clk 01:02:11]} {[%emt 00:12:30]} 21. Rd1 {[%clk
01:05:02]} {[%emt 00:02:17]} Bg6 {[%clk 00:56:44]} {[%emt 00:05:59]} 22. b3
{[%clk 01:04:37]} {[%emt 00:00:56]} Rfd8 {[%clk 00:56:42]} {[%emt 00:00:30]}
23. h3 {[%clk 01:04:23]} {[%emt 00:00:45]} Bh5 {[%clk 00:56:40]} {[%emt
00:00:32]} 24. Rd2 {[%clk 01:02:57]} {[%emt 00:01:55]} Qa5 {[%clk 00:52:43]}
{[%emt 00:04:26]} 25. a4 {[%clk 01:00:55]} {[%emt 00:02:33]} Bxf3 {[%emt
00:05:05]} 26. Nxf3 {[%clk 00:59:47]} {[%emt 00:01:34]} Rxd2 {[%clk 00:48:36]}
{[%emt 00:00:08]} 27. Nxd2 {[%clk 00:57:18]} {[%emt 00:02:58]} Rd8 {[%clk
00:48:12]} {[%emt 00:00:53]} 28. Nf3 {[%clk 00:52:31]} {[%emt 00:05:18]} Qxe1+
{[%clk 00:48:31]} {[%emt 00:00:11]} 29. Nxe1 {[%clk 00:52:51]} {[%emt
00:00:10]} Rd1 {[%clk 00:48:55]} {[%emt 00:00:05]} 30. Kf1 {[%clk 00:52:06]}
{[%emt 00:01:12]} Bc3 {[%clk 00:49:17]} {[%emt 00:00:11]} 31. f3 {[%clk
00:52:12]} {[%emt 00:00:25]} Rb1 {[%clk 00:49:34]} {[%emt 00:00:11]} 32. Ke2
{[%clk 00:52:09]} {[%emt 00:00:33]} Bxe1 {[%clk 00:49:47]} {[%emt 00:00:17]}
33. Bxe1 {[%clk 00:52:24]} {[%emt 00:00:16]} Rxb3 {[%clk 00:50:11]} {[%emt
00:00:06]} 34. Kf2 {[%clk 00:52:35]} {[%emt 00:00:19]} b6 {[%clk 00:50:30]}
{[%emt 00:00:11]} 35. e4 {[%clk 00:52:40]} {[%emt 00:00:25]} Ra3 {[%clk
00:50:47]} {[%emt 00:00:11]} 36. Kg3 {[%clk 00:52:44]} {[%emt 00:00:28]} Rxa4
{[%clk 00:51:09]} {[%emt 00:00:07]} 37. Kf4 {[%clk 00:52:57]} {[%emt 00:00:17]}
f6 {[%clk 00:51:21]} {[%emt 00:00:18]} 38. Bf2 {[%clk 00:52:31]} {[%emt
00:00:57]} b5 {[%clk 00:51:34]} {[%emt 00:00:17]} 39. Ke3 {[%clk 00:52:35]}
{[%emt 00:00:26]} Rc4 {[%clk 00:51:46]} {[%emt 00:00:19]} 40. Kd3 {[%clk
00:52:46]} {[%emt 00:00:19]} a5 {[%clk 00:51:40]} {[%emt 00:00:36]} 41. Be1
{[%clk 00:52:41]} {[%emt 00:00:35]} a4 {[%clk 00:51:57]} {[%emt 00:00:12]} 42.
Bc3 {[%clk 00:52:47]} {[%emt 00:00:25]} a3 {[%clk 00:52:16]} {[%emt 00:00:10]}
43. Kc2 {[%clk 00:52:53]} {[%emt 00:00:25]} b4 {[%clk 00:52:14]} {[%emt
00:00:32]} 44. Kb3 {[%clk 00:52:46]} {[%emt 00:00:35]} Rxc3+ {[%clk 00:52:41]}
{[%emt 00:00:05]} 45. Kxb4 {[%clk 00:52:57]} {[%emt 00:00:20]} Re3 {[%clk
00:52:50]} {[%emt 00:00:21]} 46. Kc4 {[%clk 00:52:52]} {[%emt 00:00:32]} a2
{[%clk 00:53:14]} {[%emt 00:00:08]} 47. Kd4 {[%clk 00:53:14]} {[%emt 00:00:06]}
Ra3 {[%clk 00:53:41]} {[%emt 00:00:04]} 48. e5 {[%clk 00:53:23]} {[%emt
00:00:23]} a1=Q+ {[%clk 00:54:01]} {[%emt 00:00:09]} 49. Ke4 {[%clk 00:53:40]}
{[%emt 00:00:11]} f5+ {[%clk 00:54:19]} {[%emt 00:00:14]} 50. Kf4 {[%clk
00:53:38]} {[%emt 00:00:33]} g5+ {[%clk 00:54:39]} {[%emt 00:00:11]} 51. Kg3
{[%clk 00:53:45]} {[%emt 00:00:19]} Qe1+ {[%clk 00:55:00]} {[%emt 00:00:11]}
52. Kh2 {[%clk 00:53:58]} {[%emt 00:00:18]} Qxe5+ {[%clk 00:55:17]} {[%emt
00:00:12]} 53. Kg1 {[%clk 00:54:03]} {[%emt 00:00:23]} Ra1+ {[%clk 00:55:41]}
{[%emt 00:00:09]} 54. Kf2 {[%clk 00:54:26]} {[%emt 00:00:08]} Qe1# {[%clk
00:55:28]} {[%emt 00:00:09]} 0-1

[Event "DVM U16w 2023"]
[Site "Magdeburg GER"]
[Date "2023.12.27"]
[Round "1"]
[White "Le, Thao-Linh"]
[Black "Lankes, Selina"]
[Result "0-1"]
[Termination "normal"]
[Board "5.4"]
[WhiteElo "1184"]
[BlackElo "933"]
[WhiteClock "00:18:38"]
[BlackClock "01:04:54"]
[WhiteTeam "TSG Oberschöneweide"]
[BlackTeam "SF Roding"]
[PlyCount "150"]
[WhiteFideId "16279131"]
[BlackFideId "34639756"]
[EventCountry "GER"]
[EventRounds "7"]
[EventType "team-swiss"]
[EventDate "2023.12.26"]

1. e4 {[%clk 01:30:58]} c6 {[%clk 01:30:39]} {[%emt 00:00:22]} 2. d4 {[%clk
01:31:17]} {[%emt 00:00:10]} d5 {[%clk 01:30:12]} {[%emt 00:00:57]} 3. e5
{[%clk 01:30:52]} {[%emt 00:00:55]} Bf5 {[%clk 01:29:48]} {[%emt 00:00:54]} 4.
Nf3 {[%clk 01:29:58]} {[%emt 00:01:23]} e6 {[%clk 01:29:50]} {[%emt 00:00:29]}
5. Be2 {[%clk 01:23:40]} {[%emt 00:06:49]} Nd7 {[%clk 01:28:24]} {[%emt
00:01:55]} 6. Nbd2 {[%clk 01:18:43]} {[%emt 00:05:28]} Ne7 {[%clk 01:27:58]}
{[%emt 00:00:55]} 7. O-O {[%clk 01:13:58]} {[%emt 00:05:15]} g6 {[%clk
01:27:44]} {[%emt 00:00:43]} 8. Nb3 {[%clk 01:13:07]} {[%emt 00:01:23]} Bg7
{[%clk 01:27:28]} {[%emt 00:00:46]} 9. Be3 {[%clk 01:11:17]} {[%emt 00:02:20]}
O-O {[%clk 01:26:42]} {[%emt 00:01:16]} 10. Qd2 {[%clk 01:07:32]} {[%emt
00:04:15]} Re8 {[%clk 01:26:06]} {[%emt 00:01:06]} 11. Rac1 {[%clk 01:01:22]}
{[%emt 00:06:41]} Nf8 {[%clk 01:26:04]} {[%emt 00:00:30]} 12. a4 {[%clk
00:59:19]} {[%emt 00:02:35]} Nc8 {[%clk 01:24:35]} {[%emt 00:01:59]} 13. Na5
{[%clk 00:53:29]} {[%emt 00:06:20]} Qc7 {[%clk 01:23:02]} {[%emt 00:02:03]} 14.
b4 {[%clk 00:51:43]} {[%emt 00:02:17]} Nb6 {[%clk 01:22:54]} {[%emt 00:00:37]}
15. Ra1 {[%clk 00:49:17]} {[%emt 00:02:57]} Nc4 {[%clk 01:21:01]} {[%emt
00:02:22]} 16. Bxc4 {[%clk 00:47:03]} {[%emt 00:02:45]} dxc4 {[%clk 01:21:11]}
{[%emt 00:00:20]} 17. Nxc4 {[%clk 00:47:26]} {[%emt 00:00:07]} b5 {[%clk
01:21:26]} {[%emt 00:00:15]} 18. Nd6 {[%clk 00:46:52]} {[%emt 00:01:05]} Red8
{[%clk 01:20:58]} {[%emt 00:00:58]} 19. axb5 {[%clk 00:44:38]} {[%emt
00:02:43]} cxb5 {[%clk 01:21:06]} {[%emt 00:00:22]} 20. Nxb5 {[%clk 00:42:53]}
{[%emt 00:02:16]} Qxc2 {[%clk 01:20:48]} {[%emt 00:00:46]} 21. Qxc2 {[%clk
00:42:53]} {[%emt 00:00:31]} Bxc2 {[%clk 01:21:02]} {[%emt 00:00:16]} 22. Rfc1
{[%clk 00:41:53]} {[%emt 00:01:30]} Rdc8 {[%clk 01:20:00]} {[%emt 00:01:31]}
23. Nxa7 {[%clk 00:39:44]} {[%emt 00:02:40]} Rc7 {[%clk 01:20:06]} {[%emt
00:00:23]} 24. Nb5 {[%clk 00:39:30]} {[%emt 00:00:45]} Rxa1 {[%clk 01:19:47]}
{[%emt 00:00:49]} 25. Nxc7 {[%clk 00:39:44]} {[%emt 00:00:17]} Rxc1+ {[%clk
01:19:40]} {[%emt 00:00:36]} 26. Bxc1 {[%clk 00:40:08]} {[%emt 00:00:05]} Nd7
{[%clk 01:18:59]} {[%emt 00:01:13]} 27. Kf1 {[%clk 00:38:14]} {[%emt 00:02:23]}
Bf8 {[%clk 01:18:34]} {[%emt 00:00:53]} 28. Ba3 {[%clk 00:37:44]} {[%emt
00:01:02]} Nb6 {[%clk 01:18:17]} {[%emt 00:00:46]} 29. Nd2 {[%clk 00:36:21]}
{[%emt 00:01:54]} Bh6 {[%clk 01:18:00]} {[%emt 00:00:46]} 30. Ke2 {[%clk
00:36:21]} {[%emt 00:00:30]} Bf5 {[%clk 01:15:32]} {[%emt 00:02:56]} 31. b5
{[%clk 00:35:29]} {[%emt 00:01:24]} Bxd2 {[%clk 01:15:15]} {[%emt 00:00:47]}
32. Kxd2 {[%clk 00:35:43]} {[%emt 00:00:17]} Nc4+ {[%clk 01:15:28]} {[%emt
00:00:17]} 33. Kc3 {[%clk 00:35:50]} {[%emt 00:00:22]} Nxa3 {[%clk 01:15:42]}
{[%emt 00:00:16]} 34. b6 {[%clk 00:35:22]} {[%emt 00:00:58]} Nb1+ {[%clk
01:15:06]} {[%emt 00:01:06]} 35. Kb4 {[%clk 00:33:48]} {[%emt 00:02:06]} Be4
{[%clk 01:14:47]} {[%emt 00:00:47]} 36. Kc5 {[%clk 00:33:54]} {[%emt 00:00:24]}
Bb7 {[%clk 01:14:56]} {[%emt 00:00:20]} 37. Kd6 {[%clk 00:33:21]} {[%emt
00:01:04]} Nc3 {[%clk 01:14:48]} {[%emt 00:00:39]} 38. f3 {[%clk 00:31:14]}
{[%emt 00:02:36]} Na4 {[%clk 01:13:26]} {[%emt 00:01:51]} 39. Nxe6 {[%clk
00:25:14]} {[%emt 00:06:31]} Nxb6 {[%clk 01:13:09]} {[%emt 00:00:48]} 40. Nd8
{[%clk 00:25:09]} {[%emt 00:00:34]} Nc4+ {[%clk 01:12:49]} {[%emt 00:00:50]}
41. Kc5 {[%clk 00:24:54]} {[%emt 00:00:45]} Ba6 {[%clk 01:13:00]} {[%emt
00:00:19]} 42. f4 {[%clk 00:24:44]} {[%emt 00:00:41]} Ne3 {[%clk 01:13:08]}
{[%emt 00:00:22]} 43. d5 {[%clk 00:24:23]} {[%emt 00:00:51]} Kf8 {[%clk
01:12:46]} {[%emt 00:00:51]} 44. e6 {[%clk 00:23:15]} {[%emt 00:01:39]} fxe6
{[%clk 01:12:10]} {[%emt 00:01:05]} 45. Nxe6+ {[%clk 00:23:38]} {[%emt
00:00:07]} Ke7 {[%clk 01:11:37]} {[%emt 00:01:03]} 46. Kc6 {[%clk 00:22:27]}
{[%emt 00:01:41]} Bc8 {[%clk 01:11:20]} {[%emt 00:00:46]} 47. Nc7 {[%clk
00:22:11]} {[%emt 00:00:46]} Nf5 {[%clk 01:11:07]} {[%emt 00:00:42]} 48. g4
{[%clk 00:22:11]} {[%emt 00:00:31]} Nd4+ {[%clk 01:11:08]} {[%emt 00:00:29]}
49. Kc5 {[%clk 00:20:53]} {[%emt 00:01:48]} Kd7 {[%clk 01:11:20]} {[%emt
00:00:19]} 50. Kxd4 {[%clk 00:20:24]} {[%emt 00:00:59]} Kxc7 {[%clk 01:11:24]}
{[%emt 00:00:25]} 51. h3 {[%clk 00:20:00]} {[%emt 00:00:55]} Kd6 {[%emt
00:00:18]} 52. Ke4 {[%clk 00:19:51]} {[%emt 00:00:38]} Bd7 {[%clk 01:10:22]}
{[%emt 00:01:45]} 53. f5 {[%clk 00:19:29]} {[%emt 00:00:52]} g5 {[%clk
01:07:48]} {[%emt 00:03:04]} 54. f6 {[%clk 00:19:17]} {[%emt 00:00:42]} Be8
{[%clk 01:08:05]} {[%emt 00:00:12]} 55. Kf5 {[%clk 00:17:49]} {[%emt 00:01:57]}
h6 {[%clk 01:08:10]} {[%emt 00:00:27]} 56. Ke4 {[%clk 00:16:54]} {[%emt
00:01:25]} Bf7 {[%clk 01:07:58]} {[%emt 00:00:41]} 57. Kf5 {[%clk 00:17:00]}
{[%emt 00:00:25]} Kxd5 {[%clk 01:07:54]} {[%emt 00:00:33]} 58. h4 {[%clk
00:17:00]} {[%emt 00:00:30]} gxh4 {[%clk 01:07:26]} {[%emt 00:00:58]} 59. Kf4
{[%clk 00:17:25]} {[%emt 00:00:05]} Ke6 {[%clk 01:06:05]} {[%emt 00:01:52]} 60.
Ke4 {[%clk 00:16:07]} {[%emt 00:01:48]} Kxf6 {[%clk 01:05:26]} {[%emt
00:01:08]} 61. Kf4 {[%clk 00:16:22]} {[%emt 00:00:15]} Kg6 {[%clk 01:05:20]}
{[%emt 00:00:36]} 62. Kf3 {[%clk 00:15:14]} {[%emt 00:01:38]} Kg5 {[%clk
01:05:02]} {[%emt 00:00:48]} 63. Kg2 {[%clk 00:14:13]} {[%emt 00:01:33]} Kxg4
{[%clk 01:05:14]} {[%emt 00:00:17]} 64. Kh2 {[%clk 00:14:34]} {[%emt 00:00:09]}
h3 {[%clk 01:04:56]} {[%emt 00:00:48]} 65. Kg1 {[%clk 00:14:42]} {[%emt
00:00:21]} Kg3 {[%clk 01:04:52]} {[%emt 00:00:35]} 66. Kh1 {[%clk 00:15:06]}
{[%emt 00:00:06]} Bd5+ {[%clk 01:04:49]} {[%emt 00:00:33]} 67. Kg1 {[%clk
00:15:29]} {[%emt 00:00:06]} h2+ {[%clk 01:04:54]} {[%emt 00:00:25]} 68. Kf1
{[%clk 00:15:55]} {[%emt 00:00:04]} h1=Q+ {[%clk 01:04:45]} {[%emt 00:00:40]}
69. Ke2 {[%clk 00:16:17]} {[%emt 00:00:09]} Qf3+ {[%clk 01:04:29]} {[%emt
00:00:45]} 70. Kd2 {[%clk 00:16:41]} {[%emt 00:00:06]} Kf4 {[%clk 01:04:20]}
{[%emt 00:00:38]} 71. Ke1 {[%clk 00:16:57]} {[%emt 00:00:15]} Qg2 {[%clk
01:04:17]} {[%emt 00:00:33]} 72. Kd1 {[%clk 00:17:21]} {[%emt 00:00:07]} Ke3
{[%clk 01:04:21]} {[%emt 00:00:27]} 73. Kc1 {[%clk 00:17:46]} {[%emt 00:00:05]}
Kd3 {[%clk 01:04:40]} {[%emt 00:00:11]} 74. Kb1 {[%clk 00:18:14]} {[%emt
00:00:02]} Kc3 {[%clk 01:04:45]} {[%emt 00:00:24]} 75. Ka1 {[%clk 00:18:38]}
{[%emt 00:00:06]} Qb2# {[%clk 01:04:54]} {[%emt 00:00:21]} 0-1

[Event "DVM U16w 2023"]
[Site "Magdeburg GER"]
[Date "2023.12.27"]
[Round "1"]
[White "Müller, Cosima"]
[Black "Bakó, Isabella"]
[Result "1-0"]
[Termination "normal"]
[Board "6.1"]
[WhiteElo "1462"]
[BlackElo "1399"]
[WhiteClock "00:19:03"]
[BlackClock "00:18:07"]
[WhiteTeam "SSV Altenberg"]
[BlackTeam "SV Stuttgart-Wolfbusch 1956"]
[PlyCount "67"]
[WhiteFideId "34601490"]
[BlackFideId "16287266"]
[EventCountry "GER"]
[EventRounds "7"]
[EventType "team-swiss"]
[EventDate "2023.12.26"]

1. e4 {[%clk 01:30:56]} {[%emt 00:00:03]} c5 {[%clk 01:30:45]} {[%emt
00:00:15]} 2. Nf3 {[%clk 01:31:20]} {[%emt 00:00:06]} d6 {[%clk 01:31:02]}
{[%emt 00:00:14]} 3. d4 {[%clk 01:31:43]} {[%emt 00:00:08]} cxd4 {[%clk
01:31:12]} {[%emt 00:00:19]} 4. Nxd4 {[%clk 01:32:06]} {[%emt 00:00:06]} Nf6
{[%clk 01:31:31]} {[%emt 00:00:12]} 5. Nc3 {[%clk 01:32:28]} {[%emt 00:00:07]}
g6 {[%clk 01:31:29]} {[%emt 00:00:33]} 6. Be3 {[%clk 01:32:21]} {[%emt
00:00:37]} Bg7 {[%clk 01:24:02]} {[%emt 00:07:57]} 7. f3 {[%clk 01:32:26]}
{[%emt 00:00:24]} O-O {[%clk 01:24:19]} {[%emt 00:00:12]} 8. Qd2 {[%clk
01:32:38]} {[%emt 00:00:19]} Nc6 {[%clk 01:24:16]} {[%emt 00:00:33]} 9. O-O-O
{[%clk 01:32:50]} {[%emt 00:00:18]} Nxd4 {[%clk 01:24:25]} {[%emt 00:00:20]}
10. Bxd4 {[%clk 01:33:11]} {[%emt 00:00:10]} Be6 {[%clk 01:24:23]} {[%emt
00:00:32]} 11. Kb1 {[%clk 01:33:11]} {[%emt 00:00:30]} Qc7 {[%clk 01:22:40]}
{[%emt 00:02:13]} 12. g4 {[%clk 01:32:26]} {[%emt 00:01:15]} Rfc8 {[%clk
01:20:55]} {[%emt 00:02:14]} 13. h4 {[%clk 01:29:49]} {[%emt 00:03:06]} Qa5
{[%clk 01:19:53]} {[%emt 00:01:32]} 14. a3 {[%clk 01:20:58]} {[%emt 00:09:21]}
Rab8 {[%clk 01:14:11]} {[%emt 00:06:12]} 15. h5 {[%clk 01:15:01]} {[%emt
00:06:28]} h6 {[%clk 01:05:33]} {[%emt 00:09:08]} 16. hxg6 {[%clk 00:55:33]}
{[%emt 00:19:57]} fxg6 {[%clk 01:03:39]} {[%emt 00:02:24]} 17. Bh3 {[%clk
00:37:32]} {[%emt 00:18:32]} g5 {[%clk 00:58:09]} {[%emt 00:06:00]} 18. f4
{[%clk 00:37:23]} {[%emt 00:00:39]} Rc6 {[%clk 00:39:43]} {[%emt 00:18:54]} 19.
fxg5 {[%clk 00:35:23]} {[%emt 00:02:31]} Qxg5 {[%clk 00:35:20]} {[%emt
00:04:53]} 20. Be3 {[%clk 00:34:17]} {[%emt 00:01:36]} Qg6 {[%clk 00:32:19]}
{[%emt 00:03:29]} 21. g5 {[%clk 00:26:46]} {[%emt 00:08:01]} Nxe4 {[%clk
00:29:41]} {[%emt 00:03:08]} 22. Nxe4 {[%clk 00:25:28]} {[%emt 00:01:50]} Bxh3
{[%clk 00:24:10]} {[%emt 00:06:01]} 23. Rxh3 {[%clk 00:24:08]} {[%emt
00:01:50]} Qxe4 {[%clk 00:22:08]} {[%emt 00:02:31]} 24. gxh6 {[%clk 00:22:47]}
{[%emt 00:01:51]} Bh8 {[%clk 00:21:39]} {[%emt 00:00:58]} 25. Qf2 {[%clk
00:17:43]} {[%emt 00:05:31]} d5 {[%emt 00:04:12]} 26. Rg1+ {[%clk 00:17:15]}
{[%emt 00:00:01]} Rg6 {[%clk 00:18:10]} {[%emt 00:01:18]} 27. Rxg6+ {[%clk
00:17:38]} {[%emt 00:00:08]} Qxg6 {[%clk 00:18:33]} {[%emt 00:00:07]} 28. Rg3
{[%clk 00:18:03]} {[%emt 00:00:05]} Qxg3 {[%clk 00:18:20]} {[%emt 00:00:41]}
29. Qxg3+ {[%clk 00:18:29]} {[%emt 00:00:05]} Kh7 {[%clk 00:18:28]} {[%emt
00:00:22]} 30. Qxb8 {[%clk 00:18:48]} {[%emt 00:00:12]} e6 {[%clk 00:18:00]}
{[%emt 00:00:57]} 31. Qe8 {[%clk 00:18:37]} {[%emt 00:00:41]} Be5 {[%clk
00:17:48]} {[%emt 00:00:42]} 32. Qf7+ {[%clk 00:18:50]} {[%emt 00:00:16]} Kh8
{[%clk 00:18:02]} {[%emt 00:00:17]} 33. h7 {[%clk 00:19:11]} {[%emt 00:00:10]}
Bg7 {[%clk 00:18:07]} {[%emt 00:00:24]} 34. Qg8# {[%clk 00:19:03]} {[%emt
00:00:26]} 1-0